Productos agroindustriales de exportación: Compendio de normas técnicas peruanas y guías para su implementación (Record no. 26080)

MARC details
000 -LEADER
campo de control de longitud fija 00316nam a2200097Ia 4500
005 - FECHA Y HORA DE LA ÚLTIMA TRANSACCIÓN
campo de control 20251222152042.0
008 - DATOS DE LONGITUD FIJA--INFORMACIÓN GENERAL
campo de control de longitud fija 251222s9999||||xx |||||||||||||| ||spa||
082 ## - NÚMERO DE LA CLASIFICACIÓN DECIMAL DEWEY
Número de clasificación 658.56/I49
245 #0 - MENCIÓN DEL TÍTULO
Título Productos agroindustriales de exportación: Compendio de normas técnicas peruanas y guías para su implementación
942 ## - ELEMENTOS DE ENTRADA SECUNDARIOS (KOHA)
Tipo de ítem Koha Libros
Holdings
Estatus retirado Estado de pérdida Estado de daño No para préstamo Biblioteca de origen Biblioteca actual Ubicación en estantería Fecha de adquisición Total de préstamos Signatura topográfica completa Código de barras Visto por última vez Precio de reemplazo Tipo de ítem Koha
        Biblioteca Huaura Biblioteca Huaura Programa 22/12/2025   658.56/I49 0033507 22/12/2025 22/12/2025 Libros